Resipi kejayaan untuk pengarah program (Record no. 97708)

MARC details
000 -LEADER
fixed length control field 00826nam a2200277 i 4500
001 - CONTROL NUMBER
control field C2-0292876
003 - CONTROL NUMBER IDENTIFIER
control field PPAK
005 - DATE AND TIME OF LATEST TRANSACTION
control field 20180728024843.0
008 - FIXED-LENGTH DATA ELEMENTS--GENERAL INFORMATION
fixed length control field 090113s2007 my a|||| ||||| | may d
020 ## - INTERNATIONAL STANDARD BOOK NUMBER
International Standard Book Number 9833603262
040 ## - CATALOGING SOURCE
Original cataloging agency PPAK
Language of cataloging eng
Transcribing agency PPAK
Description conventions rda
082 04 - DEWEY DECIMAL CLASSIFICATION NUMBER
Classification number 658.409
Edition number 23
090 00 - LOCALLY ASSIGNED LC-TYPE CALL NUMBER (OCLC); LOCAL CALL NUMBER (RLIN)
Classification number (OCLC) (R) ; Classification number, CALL (RLIN) (NR) 658.409
Feature heading AHM
Feature heading G
100 0# - MAIN ENTRY--PERSONAL NAME
Personal name Ahmad Fadzli Yusof,
Relator term author
245 10 - TITLE STATEMENT
Title Resipi kejayaan untuk pengarah program
264 #1 - PRODUCTION, PUBLICATION, DISTRIBUTION, MANUFACTURE, AND COPYRIGHT NOTICE
Place of production, publication, distribution, manufacture Kuala Lumpur :
Name of producer, publisher, distributor, manufacturer PTS Publications ,
Date of production, publication, distribution, manufacture, or copyright notice 2007
300 ## - PHYSICAL DESCRIPTION
Extent 198 pages :
Other physical details illustrations ;
Dimensions 19 cm
336 ## - CONTENT TYPE
Source rdacontent
Content type term text
337 ## - MEDIA TYPE
Source rdamedia
Media type term unmediated
338 ## - CARRIER TYPE
Source rdacarrier
Carrier type term volume
490 1# - SERIES STATEMENT
Series statement Siri resepi kejayaan520 \\
-- volume
650 10 - SUBJECT ADDED ENTRY--TOPICAL TERM
Topical term or geographic name entry element Executive ability. ; Personnel management. ; Achivement.
700 ## - ADDED ENTRY--PERSONAL NAME
Relator term author
830 #0 - SERIES ADDED ENTRY--UNIFORM TITLE
Uniform title Siri resepi kejayaan
942 ## - ADDED ENTRY ELEMENTS (KOHA)
-- dc
Koha item type Book
Holdings
Withdrawn Not for loan Current library Shelving location Date acquired Full call number Barcode Date last seen Koha item type Total Checkouts Total Renewals Date last checked out
    Perpustakaan Alor Setar Pinjaman Dewasa 12/11/2009 658.409 AHM A01317787 16/05/2019 Book 1   31/03/2019
    Perpustakaan Alor Setar Pinjaman Dewasa 11/02/2009 658.409 AHM A01262716 09/05/2018 Book      
    Perpustakaan Awam Sungai Petani Pinjaman Dewasa 11/02/2009 658.409 AHM A01262717 09/05/2018 Book      
    Perpustakaan Baling Pinjaman Dewasa 11/02/2009 658.409 AHM A01262723 09/05/2018 Book      
    Perpustakaan Bandar Baharu Pinjaman Dewasa 11/02/2009 658.409 AHM A01262724 09/05/2018 Book      
    Perpustakaan Jitra Pinjaman Dewasa 11/02/2009 658.409 AHM A01262718 09/05/2018 Book      
    Perpustakaan Kulim Pinjaman Dewasa 11/02/2009 658.409 AHM A01262720 22/09/2024 Book 3 1 26/08/2024
    Perpustakaan Merbok Pinjaman Dewasa 01/02/2009 658.409 AHM A01271202 09/05/2018 Book      
    Perpustakaan Yan Pinjaman Dewasa 11/02/2009 658.409 AHM A01262721 09/05/2018 Book